Т.1: Научно-фантастические рассказы; Собрание сочинений в пяти томах

Bibliografiset tiedot
Parent link:Собрание сочинений в пяти томах/ И. А. Ефремов. Т.1: Научно-фантастические рассказы.— , 1986
Yhteenveto:Исключено из фонда НТБ ТПУ
Kieli:venäjä
Julkaistu: 1986
Aiheet:
Aineistotyyppi: MixedMaterials Kirja
KOHA link:https://koha.lib.tpu.ru/cgi-bin/koha/opac-detail.pl?biblionumber=276163

MARC

LEADER 00000nam2a2200000 4500
001 276163
005 20250529112528.0
035 |a (RuTPU)RU\TPU\book\299421 
090 |a 276163 
100 |a 20141119d1986 m y0rusy50 ca 
101 0 |a rus 
102 |a RU 
105 |a a z 001zy 
200 0 |a Т.1: Научно-фантастические рассказы 
210 |d 1986 
215 |a 574 с.  |c портр. 
333 |a Исключено из фонда НТБ ТПУ 
461 1 |0 (RuTPU)RU\TPU\book\299416  |t Собрание сочинений в пяти томах  |f И. А. Ефремов  |v Т.1: Научно-фантастические рассказы  |d 1986 
606 1 |a Русская литература современная  |2 stltpush  |3 (RuTPU)RU\TPU\subj\26373  |9 50316 
610 1 |a художественная литература 
610 1 |a советская литература 
610 1 |a научная фантастика 
610 1 |a рассказы 
675 |a Р2  |v 3 
801 1 |a RU  |b 63413507  |c 20141119 
801 2 |a RU  |b 63413507  |c 20220111  |g RCR 
850 |a 63413507 
942 |c BK